Elenca la formazione - Quiz n°16 - Statistics

Statistiche generali
  • Questo quiz è stato fatto 105 volte
  • Il punteggio medio è 5 su 11
Statistiche sulle risposte
Ruolo Nazione Calciatore % Corretto
Portiere Polonia Wojciech Szczęsny
93%
Attaccante Paesi Bassi Robin van Persie
91%
Difensore Francia Laurent Koscielny
64%
Centrocampista Repubblica Ceca Tomas Rosicky
50%
Difensore Francia Bacary Sagna
34%
Centrocampista Spagna Miker Arteta
34%
Centrocampista Inghilterra Theo Walcott
34%
Centrocampista Camerun Alexandre Song
32%
Difensore Belgio Thomas Vermaelen
31%
Difensore Inghilterra Kieran Gibbs
19%
Centrocampista Israele Yossi Benayoun
18%
Nessun quiz corrispondente trovato
Distribuzione punteggi
Percentuale di utenti per punteggio
Percentile per numero di risposta
I tuoi punteggi nel tempo
Non hai fatto questo quiz